00704cam a22002174a 45000010009000000050017000090080041000260200018000670400018000850820019001031000018001222450089001402600035002293000018002646500017002826500020002998560057003199420006003769520091003829990013004731510534020240219001222.0071102s2008 ii b 001 0 eng  a9788187374503 aDLCcDLCdDLC 222a320.bDEM.1 aManoharan, N.10aDemocratic dilemma :bethnic violence and human rights in Sri Lanka /cN. Manoharan. aNew Delhi :bSamskriti,c2008. axxv, 279 p. ; 0aHuman rights 0aEthnic conflict41uhttp://www.loc.gov/catdir/toc/fy0804/2007375926.html cL 001040708LaWERCLbWERCLd2024-02-19l0o320. DEM.p6391r2024-02-19w2024-02-19yL c423d423